| 000 | 00386nam a22001217a 4500 | ||
|---|---|---|---|
| 003 | OSt | ||
| 008 | 250121b |||||||| |||| 00| 0 eng d | ||
| 041 | _aeng | ||
| 100 |
_aWorld Energy Conference _96968 |
||
| 245 | _aVol.A Perspectives of the Mexican Petroleum Industry RJ-2d | ||
| 260 |
_aNew Delhi: _bOrganising Committee 12th Congress of the World Energy Conference, _c1983. |
||
| 942 | _cBK | ||
| 999 |
_c19091 _d19091 |
||